Implementácia technológie ABS a ASR v pohonoch mobilných robotov

Gespeichert in:
Bibliographische Detailangaben
1. Verfasser: Sárkány, Attila (Verfasst von)
Weitere Verfasser: Hubinský, Peter (Betreuung Doktorarbeit)
Format: Manuskript Buch
Sprache:Slowakisch
Veröffentlicht: Bratislava : STU v Bratislave FEI, 2023
Schlagworte:
Online-Zugang:https://opac.crzp.sk/?fn=detailBiblioFormChildICH0C&sid=08878EB2E7E37CD0989B7BC0752B&seo=CRZP-detail-kniha
Tags: Tag hinzufügen
Keine Tags, Fügen Sie das erste Tag hinzu!

MARC

LEADER 00000ntm a22000003a 4500
001 stuzp92093
003 SK-STU
005 20241121104231.3
007 ta
008 150427s2015----xo-----f-mn---000-0-slo-d
040 |a STU  |b slo 
041 0 |a slo 
044 |a xo 
100 1 |a Sárkány, Attila  |u 031000  |4 aut  |U FEI Fakulta elektrotechniky a informatiky  |T FEI Ústav robotiky a kybernetiky  |X 111138  |U E011  |Y 356  |7 111138 
242 0 1 |a Implementation of ABS and ASR Technology in Mobile Robot Drives  |y eng 
245 1 0 |a Implementácia technológie ABS a ASR v pohonoch mobilných robotov 
260 |a Bratislava :  |b STU v Bratislave FEI,  |c 2023 
300 |a 46 s. 
650 4 |a ASR  |2 slo 
650 4 |a sklz  |2 slo 
650 4 |a trakcia  |2 slo 
650 4 |a akcelerácia  |2 slo 
650 4 |a ABS  |2 slo 
650 4 |a brzdenie  |2 slo 
650 4 |a ABS  |2 eng 
650 4 |a ASR  |2 eng 
650 4 |a slip  |2 eng 
650 4 |a traction  |2 eng 
650 4 |a acceleration  |2 eng 
650 4 |a braking  |2 eng 
700 1 |a Hubinský, Peter  |u 031000  |k Z1  |4 ths  |U FEI Fakulta elektrotechniky a informatiky  |T FEI Ústav robotiky a kybernetiky  |X 4940  |U E011  |Y 356  |7 A000004940 
856 4 |u https://opac.crzp.sk/?fn=detailBiblioFormChildICH0C&sid=08878EB2E7E37CD0989B7BC0752B&seo=CRZP-detail-kniha